000
00311nam a22001337a 4500
008
170504b xxu||||| |||| 00| 0 eng d
020
_a
2900314284791
041
_a
eng
080
_2
2ND
_a
342
100
_a
14
101
_a
SHJ
245
_a
INTERNATIONAL INTELLECTUAL PROPERTY
_c
CHOW, D.C.K
942
_2
udc
_c
BK
999
_c
12651
_d
12651